শ্বেতপদ্মের রূপ / (Record no. 2460)
[ view plain ]
| 000 -LEADER | |
|---|---|
| fixed length control field | 00619nam a2200205 a 4500 |
| 001 - CONTROL NUMBER | |
| JCCL Control Number | 2460 |
| 003 - CONTROL NUMBER IDENTIFIER | |
| JCCL marc code | BD-JhCC |
| 005 - DATE AND TIME OF LATEST TRANSACTION | |
| control field | 20171102185347.0 |
| 008 - FIXED-LENGTH DATA ELEMENTS--GENERAL INFORMATION | |
| fixed length control field | 171102s1979 bg ||||| |||| 00| 0 ben d |
| 035 ## - SYSTEM CONTROL NUMBER | |
| system control number | (BD-JhCC) |
| 040 ## - CATALOGING SOURCE | |
| Original cataloging agency | BD-JhCC |
| Modifying agency | BD-JhCC |
| 041 ## - LANGUAGE CODE | |
| Language code of Book | ben |
| 082 ## - DEWEY DECIMAL CLASSIFICATION NUMBER | |
| Classification number | 891.4435 |
| Author mark and Year | DAT 1979 |
| 100 ## - MAIN ENTRY--PERSONAL NAME | |
| Personal name | দত্ত, রমেন |
| 245 ## - TITLE STATEMENT | |
| Title | শ্বেতপদ্মের রূপ / |
| Statement of responsibility, etc | রমেন দত্ত |
| 260 ## - PUBLICATION, DISTRIBUTION, ETC. (IMPRINT) | |
| Place of publication, distribution, etc | ঢাকা : |
| Name of publisher, distributor, etc | মুক্তধারা ; |
| Date of publication, distribution, etc | ১৯৭৯ |
| 300 ## - PHYSICAL DESCRIPTION | |
| Pagination | ১২৩ পৃ. ; |
| Dimensions | ২০ সেমি |
| 650 ## - SUBJECT ADDED ENTRY--TOPICAL TERM | |
| Topical term or geographic name as entry element | Collection of short stories |
| 942 ## - ADDED ENTRY ELEMENTS (KOHA) | |
| Source of classification or shelving scheme | Dewey Decimal Classification |
| Koha item type | Books |
| Source of classification or shelving scheme | Damaged status | Not for loan | Home library | Current library | Date of accession | Total Checkouts | Full call number | Barcode | Date last seen | Copy number | Koha item type |
|---|---|---|---|---|---|---|---|---|---|---|---|
| Dewey Decimal Classification | JCC Rouf Library | JCC Rouf Library | 11/02/2017 | 891.4435 DAT 1979 | 2948 | 11/02/2017 | C-1 | Books |